10 Most Popular Music Streaming Services In America 2019 - Statistics

General Stats
  • This quiz has been taken 353 times
  • The average score is 4 of 10
Answer Stats
Rank Monthly Users Service % Correct
2 44,200,000 Spotify
100%
1 44,500,000 Apple Music
93%
7 15,300,000 SoundCloud
50%
6 16,400,000 Amazon Music
39%
3 31,400,000 Pandora Radio
36%
4 25,900,000 iHeartRadio
13%
9 7,600,000 SiriusXM
9%
8 13,100,000 Shazam
7%
5 21,700,000 Google Play Music
6%
10 6,600,000 TuneIn Radio
2%
No matching quizzes found
Score Distribution
Percent of People with Each Score
Percentile by Number Answered
Your Score History
You have not taken this quiz